Guidance and conselling in adult and continuing education : a developmental perspective
| Main Author: | |
|---|---|
| Format: | Book |
| Published: |
England :
University Press ,
1987
|
| Subjects: |
MARC
| LEADER | 00000cam a2200000 7i4500 | ||
|---|---|---|---|
| 001 | 0000002617 | ||
| 002 | 000002844 | ||
| 005 | 20000330.0 | ||
| 020 | |a 0335159850 | ||
| 090 | 0 | 0 | |a 374 |b WOO |
| 100 | 1 | |a WOOLFE, Ray | |
| 245 | 1 | 0 | |a Guidance and conselling in adult and continuing education : |b a developmental perspective |c Ray Woolfe |
| 260 | |a England : |b University Press , |c 1987 | ||
| 300 | |a 211p. ; |c 21cm. | ||
| 650 | 0 | 0 | |a Personnel service in adult education |
| 999 | |a 036052 |b BUKU |c PINJAMAN |e PERPUSTAKAAN KOMUNITI PETALING JAYA | ||